| 000 | 00394nam a22001337a 4500 | ||
|---|---|---|---|
| 005 | 20251014150317.0 | ||
| 008 | 251014b |||||||| |||| 00| 0 eng d | ||
| 040 |
_aNational Science Library _cNational Science Library |
||
| 080 |
_a691(73) _bP7 |
||
| 245 | _aNational building code of India 2005 | ||
| 260 |
_aNew Delhi: _bBureau of Indian Standards, _c2007 |
||
| 300 | _axxiii, | ||
| 942 |
_2udc _cBK |
||
| 999 |
_c67829 _d67829 |
||